000 00514nam a2200181Ia 4500
001 8383
005 20260306160605.0
008 260306t2002||||xx |||||||||||||| ||spa||
041 _aESP
082 _a370.7
_bU61
100 _aUniversidad Pedagógica Nacional. División de Gestión de Proyectos
_eAUT
245 0 _aEl oficio de investigar:
_beducación y pedagogía frente a nuevos retos
260 _c2002
300 _a434 páginas :
_c24 cm.
650 _aGEN
654 _aCED
942 _cLIB
_dJUS
_fJUS
_2ddc
_n
999 _c8383
_d8383